[Event "ESP-chT 1st Division 2020"]
[Site "Padron"]
[Date "2020.10.06"]
[Round "4.17"]
[White "Travadon, Loic"]
[Black "Rodriguez Ferreiros, Andres"]
[Result "1-0"]
[WhiteElo "2424"]
[BlackElo "2133"]
[Annotator "TA"]
[PlyCount "117"]
[EventDate "2020.10.01"]
[EventType "team-tourn"]
[EventCountry "ESP"]
[SourceTitle "playchess.com"]
[Source "ChessBase"]
[SourceQuality "1"]

{[%evp 20,117,9,0,0,0,0,-7,14,0,5,0,0,0,12,0,24,25,0,0,14,11,28,24,156,147,144,50,87,6,8,12,8,13,20,18,59,0,0,-30,0,-29,0,0,22,29,32,37,35,52,52,44,37,17,76,39,58,55,99,57,58,64,114,114,109,107,107,85,127,127,134,132,121,68,134,119,313,313,285,293,267,0,237,236,236,236,233,218,177,126,117,122,205,190,197,195,314,269,2783,2516]} 1. Nf3 d5 2. g3 Nf6 3. Bg2 e6 4. O-O c5 5. c4 Be7 6. b3 O-O 7. Bb2 Nc6 8. e3 b6 9. Nc3 dxc4 10. bxc4 Bb7 11. Qe2 Na5 {A14: English Opening: 1...e6 with b3 by White.} 12. d3 a6 {[#]} 13. Ne1 $146 ({Predecessor:} 13. Rab1 Rb8 14. Ba1 Bc6 15. Ne5 Bxg2 16. Kxg2 Qc7 17. f4 Nd7 18. Ne4 f5 19. Nd2 {½-½ (35) Tratar,M (2443)-Flumbort,A (2457) Austria 2020}) 13... Rb8 {The position is equal.} 14. a4 Ne8 15. f4 Bxg2 16. Nxg2 (16. Qxg2 {feels hotter.} Nd6 17. Nf3 b5 18. axb5 axb5 19. cxb5 Nxb5 20. Ne4) 16... Nd6 17. g4 b5 18. axb5 axb5 19. cxb5 Nxb5 20. Ne4 Nb3 21. Rab1 Qd5 (21... Nd6 $11 {remains equal.}) 22. f5 $1 $16 {[%cal Rf5f6] And now f6 would win.} e5 23. f6 ({White should try} 23. Qf3 $1 $16 {Threatens to win with Nf6+!} Kh8 24. f6 gxf6 25. Qf5) 23... gxf6 $14 24. Nh4 (24. Rbd1 $16) 24... Nd6 $1 $11 {[%cal Rd6e4]} 25. Nxd6 Qxd6 26. Nf5 Qe6 27. Rf3 Kh8 28. Kh1 (28. Rbf1 $14) 28... Rg8 29. Rg1 Rg6 30. Rh3 c4 31. dxc4 Nc5 32. Ba3 Qc6+ 33. Qf3 Qxf3+ 34. Rxf3 Bf8 35. Bxc5 Bxc5 36. Rff1 Rgg8 (36... Rb3 $11 {keeps the balance.}) 37. h3 Rb4 38. Rc1 Ra8 39. Rc2 (39. Kg2 {is more complex.} Rc8 40. Rc2 h6 41. Kf3 Kh7 42. h4) 39... Rb3 40. Re1 Kg8 41. Kg2 Kf8 42. Kf3 Ke8 43. Ree2 Raa3 44. Rb2 Kd7 45. Rxb3 Rxb3 $16 {[%mdl 4096] Endgame KRB-KRN} 46. Ke4 (46. Rd2+ $16 Kc7 47. Rd5) 46... Bb4 {[#]} (46... Ra3 $14) 47. Ra2 $1 {[%cal Ra2a7] aiming for Ra7+.} Rc3 $2 (47... Ba3 $16 {might work better.}) 48. Ra7+ $18 Kc6 49. Ra6+ ({Not} 49. Rxf7 Rxc4+ 50. Kd3 Rc3+ 51. Ke2 e4 $16) 49... Kd7 50. Ra7+ Kc6 $1 51. Rxf7 Rxc4+ 52. Kf3 e4+ 53. Kf4 Bc3 {[%csl Gf6][%cal Rc3e5]} 54. Kg3 (54. Ng7 $18) 54... Be1+ $16 {[#]} 55. Kg2 $1 Kd5 (55... Rc2+ $16 {was worth a try.} 56. Kf1 Bc3) 56. Rxh7 $18 ({Don't play} 56. Rxf6 $6 Rc7 $16) 56... Rc2+ 57. Kf1 Bd2 (57... Bc3 $142 58. Rd7+ Kc4) 58. h4 Rc3 $2 (58... Ra2 59. Rd7+ Ke5) 59. Rd7+ {Accuracy: White = 75%, Black = 57%.} 1-0

[Event "ESP-chT 1st Division 2020"]
[Site "Padron"]
[Date "2020.10.06"]
[Round "4.18"]
[White "Dorado Meijide, Andrea"]
[Black "Ambartsumova, Karina"]
[Result "0-1"]
[WhiteElo "1779"]
[BlackElo "2371"]
[Annotator "TA"]
[PlyCount "108"]
[EventDate "2020.10.01"]
[EventType "team-tourn"]
[EventCountry "ESP"]
[SourceTitle "playchess.com"]
[Source "ChessBase"]
[SourceQuality "1"]

{[%evp 9,108,35,51,15,55,41,30,31,19,25,33,7,29,16,29,6,9,-25,-8,-39,-28,-116,-135,-135,-144,-161,-134,-118,-111,-125,-125,-125,-125,-127,-85,-151,-89,-79,-112,-327,-365,-437,-429,-566,-556,-656,-645,-1331,-843,-843,-841,-782,-783,-1131,-1131,-1131,-788,-3899,-3895,-3877,-3741,-3900,-3900,-3753,-3663,-3360,-3251,-3237,-3111,-2571,-2498,-1930,-1848,-12379,-12802,-12808,-3490,-12834,-12841,-12813,-29941,-12492,-1751,-1744,-1686,-29973,-1256,-1047,0,-29973,-958,-29972,-29976,-29978,-29974,-29970,-29967,-29996,-29997,-29997,-485]} 1. e4 c5 2. Nc3 Nc6 3. Bb5 g6 4. Bxc6 dxc6 5. f4 c4 6. Nf3 {B23: Closed Sicilian: Lines without g3.} Bg7 7. O-O Nf6 8. d3 {White has an edge.} cxd3 9. cxd3 O-O {[#]} 10. a4 $146 ({Predecessor:} 10. h3 b6 11. d4 Ba6 12. Re1 Qc7 13. Be3 Rad8 14. Rc1 Qb7 15. b4 Ne8 16. Qb3 {1-0 (40) Kraus,T (2486)-Jedlicka,A (2226) Pardubice 2019}) 10... b5 11. Be3 b4 12. Na2 a5 $36 {[%mdl 2048] Black fights for an advantage.} 13. Ne5 Ba6 14. Rc1 Rc8 15. Qb3 {[#]} (15. Rc5 $11) 15... c5 $1 $17 {[%mdl 512]} 16. Rxc5 Rxc5 17. Bxc5 Nxe4 18. dxe4 {Hoping for Nc6.} Bxf1 19. Kxf1 Bxe5 $1 20. fxe5 {[#]} Qc7 $1 {[%csl LRc5,LRe5][%cal Rc7c5][%mdl 64] Double Attack} 21. Be3 Qxe5 {[%mdl 64] ...Rc8 is the strong threat. Double Attack} 22. Nc1 {[#]} (22. Qc2 $142) 22... Qxe4 (22... Rc8 $142 $1 23. Nd3 Qxe4) 23. Qd3 Qe5 24. g3 $2 (24. Qd4 $17 {was necessary.} Qxh2 25. Nd3) 24... Qxb2 $19 25. Nb3 Qxh2 26. Nxa5 Qxg3 27. Qd4 Rc8 28. Nc4 Rxc4 {[%mdl 64] Deflection} 29. Qxc4 Qxe3 30. Qxb4 {[%mdl 4096] Endgame KQ-KQ} h5 31. a5 {[#]} h4 $1 32. Qxh4 Qd3+ 33. Kg1 Qd1+ 34. Kg2 Qd5+ 35. Kf2 Qxa5 36. Qxe7 Qf5+ 37. Kg2 Qg4+ 38. Kf2 Qf4+ 39. Kg2 Kg7 40. Qb7 g5 41. Qb2+ Kg6 42. Qc2+ Qf5 43. Qc6+ Qe6 44. Qc2+ f5 45. Qb2 g4 (45... Qe4+ $142 46. Kf2 Qf4+ 47. Kg2 Qe3) 46. Qd2 Qe4+ 47. Kg1 Qb1+ (47... f4 $142 48. Qd6+ Kh5 49. Qd1 Kh4 50. Kh2 Qe5 51. Kg2 f3+ 52. Kf2 Qg3+ 53. Ke3 f2+ 54. Ke4 Qg2+ 55. Ke3 Kh3 56. Qc2 Qg3+ 57. Kd2 Qf4+ 58. Kc3 Qc7+ 59. Kd2 Qxc2+ 60. Kxc2 f1=Q 61. Kc3 g3 62. Kd2 g2 63. Ke3 g1=Q+ 64. Ke4 Qc4+ 65. Kf5 Qd5+ 66. Kf6 Qgg5#) 48. Kg2 Qe4+ (48... Qb7+ $19 49. Kg1 Qb6+ 50. Kg2 Qc6+ 51. Kg1 Qc5+ 52. Kg2 Qe7) 49. Kg1 $1 Qe5 (49... f4 $142 50. Qd1 Kh5 51. Qa1 Qe3+ 52. Kh1 Qd2 53. Qf1 g3 54. Qf3+ Kg5 55. Kg1 Qe3+ {[%mdl 64] Double Attack} 56. Kg2 Qxf3+ 57. Kxf3 Kf5 58. Kg2 Kg4 59. Kg1 f3 60. Kh1 g2+ 61. Kg1 Kf4 62. Kh2 Ke4 63. Kg1 Ke3 64. Kh2 Kf2 65. Kh3 g1=Q 66. Kh4 Qg6 67. Kh3 Qh5#) 50. Qf2 f4 {Black mates.} 51. Qb6+ Kf5 52. Qb1+ Kg5 53. Qh7 Qe1+ 54. Kg2 f3+ {Accuracy: White = 42%, Black = 81%.} 0-1

[Event "ESP-chT 1st Division 2020"]
[Site "Padron"]
[Date "2020.10.06"]
[Round "4.19"]
[White "Salgado Lopez, Ivan"]
[Black "Alsina Leal, Daniel"]
[Result "1-0"]
[WhiteElo "2595"]
[BlackElo "2494"]
[Annotator "TA"]
[PlyCount "155"]
[EventDate "2020.10.01"]
[EventType "team-tourn"]
[EventCountry "ESP"]
[SourceTitle "playchess.com"]
[Source "ChessBase"]
[SourceQuality "1"]

{[%evp 9,155,0,4,0,9,0,0,0,0,-6,10,0,0,4,20,0,0,0,0,0,-7,-15,-20,-11,-12,-30,-25,-16,-23,-27,-21,-29,-27,-16,-11,-95,-102,-138,-53,-64,-60,-55,-36,-35,0,0,0,-4,0,0,0,0,0,-2,8,0,15,0,0,0,79,91,85,93,126,126,126,126,126,126,126,126,126,126,126,126,126,126,126,126,126,126,126,126,129,129,129,129,129,129,136,136,136,136,159,133,159,159,159,159,159,159,159,159,159,159,159,152,152,136,136,0,152,0,159,159,159,159,159,136,159,136,159,159,159,159,159,159,159,159,159,159,159,152,159,0,159,159,159,159,159,159,159,0,159,159,159,159]} 1. Nf3 c5 2. e3 d5 3. d4 Nf6 4. Nbd2 e6 5. Be2 Bd6 6. b3 {D05: Colle System with ...e6.} O-O 7. Bb2 {[#]} b6 $146 ({Predecessor:} 7... Nc6 8. O-O b6 9. c4 Bb7 10. Rc1 cxd4 11. Nxd4 Nxd4 12. exd4 Qe7 13. Bf3 Rac8 14. Re1 Ba3 15. Bxa3 Qxa3 16. Re5 {0-1 (46) Sromovsky,J (1954)-Tropp,L (2081) Slovakia 2015}) 8. O-O {The position is equal.} Bb7 9. dxc5 Bxc5 10. a3 a5 11. c4 Nbd7 {[%cal Bb8d7,Bd7f8,Bf8g6][%mdl 32]} 12. Nd4 Qe7 13. cxd5 Nxd5 14. Nc4 Rfd8 15. Bf3 Rac8 16. Rc1 Nf8 17. Qe2 Ng6 18. g3 Ba6 19. a4 Ne5 20. Bg2 Nxc4 21. bxc4 Ba3 22. Bxd5 (22. Rfd1 $11) 22... exd5 $17 23. Ra1 Bxb2 (23... Bb4 $17 24. Qg4 Rxc4) 24. Qxb2 $15 dxc4 ({Much worse is} 24... Bxc4 $6 25. Rfb1 $14) 25. Qxb6 Bb7 {And now ...Qe4 would win.} 26. Rfe1 $1 c3 27. Qxa5 g6 28. Rac1 Rc4 29. Qb5 Rdc8 ({Much weaker is} 29... Qe4 30. f3 $16) 30. a5 $1 Ba8 31. a6 c2 32. f3 h5 33. Re2 (33. Qb3 {keeps more tension.} h4 34. Kf2 Qg5 35. Qd3 Qh5 36. g4) 33... h4 {Hoping for ...Qa3.} 34. gxh4 (34. Kf1 {with more complications.} hxg3 35. Rcxc2 Rxc2 36. Rxc2 Rxc2 37. Nxc2 gxh2 38. Qb8+) 34... Qxh4 (34... Qa3 $11 {keeps the balance.} 35. Rcxc2 Rxc2 36. Nxc2 Qc1+ {[%mdl 64] Double Attack} 37. Kf2 Rxc2) 35. Rexc2 $16 Rxc2 36. Rxc2 Rxc2 37. Nxc2 Bxf3 {...Qg4+ is the strong threat.} 38. Qb8+ Kg7 39. Qe5+ Kg8 40. Qf4 $1 {[%cal Rf4h4]} Qh3 {[%csl Gf3][%cal Rh3g2]} 41. Ne1 Bc6 42. a7 Qe6 43. a8=Q+ {[%mdl 64] Decoy} Bxa8 44. Qb8+ {[%mdl 64] Double Attack} Kg7 45. Qxa8 Qxe3+ 46. Kf1 Qc3 47. Qe4 Qa1 48. Kg2 Qb2+ 49. Kg3 Qb8+ 50. Qf4 Qb3+ 51. Nf3 Qa3 52. Qe5+ Kg8 53. Qd4 Qb3 54. Kf4 Qc2 55. Qe5 Qg2 56. Qf6 Qf1 57. Kg3 Qd3 58. Kg4 {Strongly threatening Qxf7+!} Qe4+ 59. Kg5 {aiming for Kh6.} Qe3+ {[#]} 60. Kh4 (60. Qf4 $1 $16 {[%cal Rf4e3]} Qe7+ 61. Qf6 Qc5+ 62. Kh4) 60... Qe4+ $2 (60... Qf2+ $1 $11 61. Kg4 Qc5) 61. Kg3 {Black must now prevent Qxf7+!} Qd3 62. Qe7 Qb3 {[#]} 63. Qd8+ $1 Kg7 64. Kf4 Qb1 65. Qd4+ Kg8 66. Qd5 Qc1+ 67. Kg4 Kg7 68. Qe5+ Kg8 69. Qf4 Qc8+ 70. Kh4 Qd8+ 71. Kg3 Qd3 72. Qe5 $2 (72. Qb8+ $16 Kg7 73. Qe5+ Kg8 74. Qe8+ Kg7 75. Qe5+ Kg8 76. Qf6) 72... Qb3 $2 (72... Qa3 $11 73. h3 Qb3) 73. Kg4 Qd1 74. Qd4 Qb1 75. Qd5 Qc1 76. Qe5 $2 (76. Qd8+ $16 Kg7 77. Qd4+ Kg8 78. Qd8+ Kg7 79. Kg3) 76... Qc8+ $2 ({Black should play} 76... Qd1 $1 $11 77. Qb8+ Kg7) 77. Kg3 Qc1 78. Qd5 {Accuracy: White = 90%, Black = 87%.} 1-0

[Event "ESP-chT 1st Division 2020"]
[Site "Padron"]
[Date "2020.10.06"]
[Round "4.20"]
[White "Alonso Moyano, Jonathan"]
[Black "Brunello, Sabino"]
[Result "1/2-1/2"]
[WhiteElo "2334"]
[BlackElo "2539"]
[Annotator "TA"]
[PlyCount "90"]
[EventDate "2020.10.01"]
[EventType "team-tourn"]
[EventCountry "ESP"]
[SourceTitle "playchess.com"]
[Source "ChessBase"]
[SourceQuality "1"]

{[%evp 12,90,25,27,25,24,38,25,29,-8,-8,0,-17,-11,1,0,0,-7,-18,-70,-44,-58,-28,-56,-53,-83,-60,-121,-113,-116,-91,-121,-102,-120,-119,-115,-43,-72,0,0,0,0,0,0,0,-31,-31,-19,-9,-9,-8,-8,-8,-8,-7,-56,0,0,0,0,0,0,0,0,0,0,0,0,0,0,0,0,0,0,0,0,0,0,0,0,0]} 1. e4 c6 2. d4 d5 3. e5 Bf5 4. Nf3 e6 5. Be2 Nd7 6. O-O h6 7. Nbd2 Ne7 {B12: Caro-Kann: Advance Variation.} 8. Nb3 Qc7 9. Bd2 g5 {White has an edge.} 10. Ne1 c5 11. Nxc5 Nxc5 12. dxc5 Bg7 13. Bb5+ Kf8 14. Nf3 Qxc5 {[#]} 15. Be2 $146 (15. Bd3 $11) ({Predecessor:} 15. Bd3 Bg4 16. Re1 Nc6 17. Bc3 Qb6 18. h3 Bxf3 19. Qxf3 d4 20. Bd2 Nxe5 21. Qe2 {½-½ (29) Bocanegra Moreno,R (2450)-Lopez,J (2393) ICCF email 2011}) 15... Nc6 16. Bc3 Be4 17. Re1 Rd8 18. Nd2 Qb6 19. Bf3 (19. Bd3 $15 Bxd3 20. cxd3) 19... Bxf3 $17 20. Nxf3 {[#]} ({Not} 20. Qxf3 $2 d4 $19) 20... d4 $1 {[%cal Rd4c3]} 21. Bd2 Rd5 22. c4 dxc3 $1 23. bxc3 g4 (23... Qc7 $17 {[%cal Rc6e5]} 24. Qe2 Nxe5) 24. Rb1 $15 Qd8 (24... Qc7 $17 25. Nd4 Nxe5) 25. Nd4 $1 $11 Nxd4 26. cxd4 Rxd4 27. Bb4+ Kg8 28. Qe2 b6 29. Bd6 Qg5 30. Qa6 Qf5 31. Qxa7 Rd2 32. Qxb6 Rxa2 33. Qe3 Kh7 (33... h5 $1 $15) 34. Rb4 {The position is equal.} Rha8 35. Rf4 Qg6 36. h3 gxh3 37. Qxh3 Ra1 38. Rxa1 Rxa1+ 39. Kh2 Re1 40. Qg3 Qh5+ 41. Rh4 Qd1 {[%csl Gd1][%cal Re1h1] [#]} 42. Qf4 Rh1+ 43. Kg3 {aiming for Rxh1.} Qd3+ 44. f3 Rxh4 45. Kxh4 Qg6 {Accuracy: White = 78%, Black = 86%.} 1/2-1/2

[Event "ESP-chT 1st Division 2020"]
[Site "Padron"]
[Date "2020.10.06"]
[Round "4.21"]
[White "Larino Nieto, David"]
[Black "Hernandez, Cristian Andres"]
[Result "1-0"]
[WhiteElo "2477"]
[BlackElo "2320"]
[Annotator "TA"]
[PlyCount "57"]
[EventDate "2020.10.01"]
[EventType "team-tourn"]
[EventCountry "ESP"]
[SourceTitle "playchess.com"]
[Source "ChessBase"]
[SourceQuality "1"]

{[%evp 17,57,9,0,-10,-9,-50,-54,-47,-62,-271,-245,-260,0,0,0,0,0,0,0,-139,-134,-133,73,73,74,76,69,62,73,75,77,0,0,0,0,0,404,393,29992,29993,29991,68]} 1. e4 c5 2. Nf3 Nc6 3. Bb5 g6 4. O-O Bg7 5. Re1 e5 6. c3 Nge7 7. d4 exd4 8. cxd4 cxd4 9. Bf4 a6 10. Bc4 {B31: Sicilian: 2...Nc6 3 Bb5 g6.} d6 11. Ng5 O-O 12. Qb3 {[%cal Rg5f7] [#]Black is slightly better.} d5 $1 {[%mdl 512]} 13. exd5 $2 (13. Bxd5 $1 $15 Nxd5 14. exd5) 13... Na5 $19 14. d6 {[#]} Nxb3 $146 (14... Nd5 $1 $19 15. Bxd5 Nxb3 16. Bxb3 Bf6) ({Predecessor:} 14... Nd5 15. Bxd5 Nxb3 16. axb3 Bf6 17. h4 h6 18. Ne4 Bg7 19. g3 Be6 20. Bxb7 Rb8 21. Bxa6 Bxb3 {1-0 (62) Watson,W (2535)-Pekarek,A (2455) Prague 1992}) 15. dxe7 $11 Qa5 $1 {[%cal Ra5e1]} (15... Nxa1 $2 16. exd8=R Rxd8 17. Nxf7 $18) 16. exf8=Q+ Bxf8 17. Re5 $1 Nc5 {Threatens to win with ...Qb4.} 18. Bxf7+ (18. Nd2 $1 $11) 18... Kg7 $1 $17 19. Nd2 ({Not} 19. Re8 $2 Bg4 $19) 19... b5 $2 (19... h6 $17 {keeps the pressure on.} 20. Nge4 Kxf7 21. Nxc5 Qb6) 20. Nb3 $1 $16 {[%cal Rb3a5]} (20. Re8 Bb7 $17) 20... Nxb3 21. Bxb3 Bd6 22. Rc1 $1 {[%mdl 1024] Hoping for Bd5. White has compensation.} Bb7 {[#]} 23. Rce1 $1 $36 {[%mdl 2560] Re7+! would kill now. White is in control.} Qb4 (23... Bxe5 24. Bxe5+ Kf8 25. Bd6+ Kg7 26. Re7+ Kh6 27. Bf4 Qe1+ 28. Rxe1) 24. Ne6+ (24. Re6 $16 Bxf4 25. Re7+ Qxe7 26. Rxe7+ Kf6 27. Rxb7 Bxg5 28. Rxh7) 24... Kh8 $11 25. Bh6 {And now Ng5! would win.} Bxe5 26. Rxe5 {Ng5 is the strong threat.} Re8 $2 {[%mdl 8192]} (26... Bc6 $11 27. Bg7+ Kg8) 27. Bg5 $1 $18 {[%cal Rg5f6] [#] Threatening mate with Bf6+.} h6 $2 {[#]} (27... Rxe6 $1 $18 28. Rxe6 (28. Bxe6 Kg7) 28... Kg7 29. Re7+ Kf8) 28. Bf6+ $1 Kh7 {[#]} 29. Ng5+ $1 {[%mdl 576] Discovered Attack. Accuracy: White = 77%, Black = 58%.} 1-0

[Event "ESP-chT 1st Division 2020"]
[Site "Padron"]
[Date "2020.10.06"]
[Round "4.22"]
[White "Perez Manas, Benjamin"]
[Black "Gomez Dieguez, David"]
[Result "1-0"]
[WhiteElo "2259"]
[BlackElo "2261"]
[Annotator "TA"]
[PlyCount "84"]
[EventDate "2020.10.01"]
[EventType "team-tourn"]
[EventCountry "ESP"]
[SourceTitle "playchess.com"]
[Source "ChessBase"]
[SourceQuality "1"]

{[%evp 9,84,35,37,22,24,26,26,25,58,55,65,62,63,58,47,43,35,33,50,17,36,32,47,10,10,20,42,-8,-8,-8,-8,-4,-20,-169,106,112,168,168,610,610,566,592,822,812,799,787,707,405,366,233,233,222,239,225,235,236,239,238,235,233,206,212,366,346,570,570,562,568,560,527,1395,643,2807,2246,29979,29981,29981]} 1. e4 e5 2. Nf3 Nc6 3. Bb5 g6 4. c3 a6 5. Bxc6 dxc6 6. d4 {C60: Ruy Lopez: Unusual Black 3rd moves and 3...g6.} exd4 7. cxd4 Bg7 {7...Bg7 scores better than 7...Bg4.} 8. Nc3 {White has an edge.} Nf6 9. h3 {[#]} h6 $146 ({Predecessor:} 9... O-O 10. O-O h6 11. Bf4 Be6 12. Qd2 Kh7 13. Rad1 Qd7 14. Be5 Rad8 15. Rfe1 Qe7 {1-0 (40) Popov,I (2611)-Raahul,V (2294) Ahmedabad 2018}) 10. Bf4 Qe7 11. O-O g5 12. Bh2 g4 13. hxg4 Bxg4 14. e5 Nd5 15. Nxd5 cxd5 16. Qd3 h5 17. Rac1 $36 {[%mdl 2048] White is more active.} Bh6 18. e6 Bxc1 19. Rxc1 {Strongly threatening exf7+.} Bxf3 20. Qxf3 Qxe6 {Threatens to win with ...c6.} 21. Be5 {[#]} (21. Bxc7 $11 {and White stays safe.} Rg8 22. Qc3) 21... Rf8 $2 (21... f6 $1 $19 {[%cal Rf6e5]} 22. Bxc7 (22. Bxf6 O-O) 22... Rc8) 22. Rxc7 $16 {White leaves nothing to chance now.} Rc8 (22... Rg8 $16) 23. Rxb7 $18 Qg4 $2 (23... Rg8) 24. Qe3 {Intending Bf6+ and mate.} Qe6 25. f4 {White threatens f5 and mate.} f5 {[#] intending ...Rf7.} 26. Rb6 $3 {[%cal Rb6e6][%mdl 512]} Qe7 (26... Qxb6 27. Bc7+) 27. Qh3 Qf7 28. Qa3 Qe7 29. Qxe7+ Kxe7 {[%mdl 4096] Endgame KRR-KRB} 30. Bd6+ {[%mdl 64] Skewer} Kd7 {...Rf6 is the strong threat.} 31. Bxf8 Rxf8 32. Rxa6 {KR-KR} Re8 33. Ra4 Re4 34. Rb4 Rxf4 {[#]} 35. a4 $1 {[%cal Ba2a4,Ba4a5,Ba5a6][%mdl 32]} Rg4 $2 (35... Kc7 36. a5 Rg4) 36. a5 Rg6 $2 (36... Rg8 37. Kf2 h4) 37. Rb7+ Kc8 38. Rb5 f4 {If only Black now had time for ...f3....} 39. Kf2 Rg5 40. b4 (40. a6 $142 Rg7 41. b4) 40... Rg3 41. a6 Ra3 42. Ra5 Rxa5 {Accuracy: White = 68%, Black = 47%.} 1-0

[Event "ESP-chT 1st Division 2020"]
[Site "Padron"]
[Date "2020.10.06"]
[Round "4.23"]
[White "Gomez Dieguez, Adrian"]
[Black "Martinez Ramirez, Erik"]
[Result "1-0"]
[WhiteElo "2272"]
[BlackElo "2231"]
[Annotator "TA"]
[PlyCount "121"]
[EventDate "2020.10.01"]
[EventType "team-tourn"]
[EventCountry "ESP"]
[SourceTitle "playchess.com"]
[Source "ChessBase"]
[SourceQuality "1"]

{[%evp 20,121,51,51,54,62,66,69,78,41,42,52,58,49,70,73,95,101,103,62,71,62,116,126,164,152,272,260,355,336,363,206,350,156,170,167,159,129,193,190,193,193,193,193,193,193,192,176,177,139,179,193,208,205,317,311,340,340,333,326,264,262,333,328,470,459,426,403,487,274,1455,1461,1310,1193,1218,1141,1205,1174,2019,1711,1590,592,6103,5860,29972,29973,29973,29974,29974,29975,29973,29975,29975,29975,29975,29976,29976,29976,29978,29976,29979,29980,29981,29981]} 1. e4 c5 2. Nf3 Nc6 3. Nc3 g6 4. d4 cxd4 5. Nxd4 Bg7 6. Be3 Nf6 7. Bc4 O-O 8. Bb3 d6 9. f3 Bd7 10. h4 Nxd4 11. Bxd4 b5 {B76: Sicilian Dragon: Yugoslav Attack, 9 g4 and 9 0-0-0.} 12. h5 a5 13. hxg6 hxg6 {White is slightly better.} 14. Nd5 {14.a4 is not played anymore.} Nxd5 15. Bxd5 Rc8 {With the idea ...e6.} 16. a3 Qc7 17. c3 $1 e5 18. Be3 {[#]} Be6 $146 ({Predecessor:} 18... Bc6 19. Bb3 Qe7 20. Qd2 Bf6 21. g3 Rfd8 22. Qh2 Bg7 23. Qh7+ Kf8 24. Bh6 Qf6 25. Qh8+ Ke7 26. Qxg7 {1-0 (26) Mazur,S (2428)-Krak,T (2284) Slovakia 2019}) 19. Bxe6 fxe6 20. Qd2 d5 ({Better is} 20... Rf7 $1 $14) 21. exd5 $16 Rcd8 22. Qc2 $36 {[%mdl 2048] Black is under strong pressure.} e4 (22... Rf5 $16) 23. Qxe4 $18 {[%mdl 64] [#] Double Attack} Qg3+ 24. Kf1 exd5 25. Qe6+ Rf7 26. Rh3 (26. f4 $18 Rd6 27. Qxd6 Qxe3 28. Rh4) 26... Qd6 27. Qxd6 Rxd6 28. Rh4 Rb7 (28... Re6 $16) 29. Rd1 Bf6 30. Rg4 Kf7 31. Bd4 Bxd4 32. Rgxd4 {[%mdl 4096] Endgame KRR-KRR} (32. cxd4 b4 $14) 32... Ke6 33. R1d2 Rc7 34. a4 Rb7 35. axb5 Rxb5 36. c4 Rc5 (36... Rb7 {was worth a try.} 37. Rxd5 (37. cxd5+ Kd7 $16) 37... Rxd5 38. Rxd5 Rxb2) 37. Rxd5 Rdxd5 38. cxd5+ {KR-KR} ({Weaker is} 38. Rxd5 Rxc4 39. Rb5 (39. Rxa5 Rc1+ 40. Ke2 Rc2+ 41. Ke3 Rxb2 $14) 39... a4 $14) 38... Kd6 39. Kf2 Rc4 40. Ke3 g5 41. b3 Rc3+ (41... Rb4 $142 42. Rd3 Rh4) 42. Rd3 Rc2 43. g3 Rc1 44. f4 (44. Ke4 $142 Re1+ 45. Kf5) 44... g4 $2 {[#]} (44... gxf4+ 45. Kxf4 (45. gxf4 Rc8 $16) 45... Rf1+ 46. Ke3 Rg1) 45. Ke4 Rf1 46. Rc3 Kd7 47. f5 Rf2 48. Rc5 Rf3 49. Rxa5 Rxg3 50. Kf4 (50. Ra7+ $142 Kd6 51. Ra6+ Kd7 52. b4) 50... Rxb3 51. Kxg4 Kd6 52. f6 {White mates.} Rb1 53. Kf5 Rg1 54. Ra8 Rf1+ 55. Kg6 Rg1+ 56. Kh6 Rh1+ 57. Kg7 Rg1+ 58. Kf8 Rh1 59. Ra6+ Kxd5 60. f7 Rb1 61. Kg7 {Accuracy: White = 79%, Black = 47%.} 1-0